Vplyv výsledkovej politiky na prezentáciu finančnej výkonnosti podniku bakalárska práca

Na minha lista:
Detalhes bibliográficos
Autor principal: Osvald, Jozef
Autor Corporativo: Fakulta hospodárskej informatiky EU. Katedra účtovníctva a audítorstva
Outros Autores: Rybka, Lukáš
Formato: Livro
Idioma:eslovaco
Publicado em: Bratislava 2014
Tags: Adicionar Tag
Sem tags, seja o primeiro a adicionar uma tag!

MARC

LEADER 00000nbm a2200000 4500
001 0191751
005 20170201111229.5
041 0 |a slo 
044 |a SK 
245 1 0 |a Vplyv výsledkovej politiky na prezentáciu finančnej výkonnosti podniku  |b bakalárska práca  |c Jozef Osvald ; školiteľ: Lukáš Rybka 
264 1 |a Bratislava  |c 2014 
300 |a 39 s. 
100 1 |a Osvald, Jozef 
700 1 |a Rybka, Lukáš 
710 2 |a Fakulta hospodárskej informatiky EU. Katedra účtovníctva a audítorstva